| 000 | 00408nam a2200169 i 4500 | ||
|---|---|---|---|
| 020 | _a007068152X : | ||
| 040 | _cDLC | ||
| 082 | _a410 HIL 1977 A024 Or. | ||
| 100 | 1 | _aWardhaugh, Ronald | |
| 245 | 1 | 0 | _aIntroduction to linguistics / |
| 250 | _a2d ed | ||
| 260 |
_aNew York : _bMcGraw-Hill, _cc1977 |
||
| 300 |
_aviii, 268 p. ; _c24 cm |
||
| 500 | _aIncludes index | ||
| 650 | 0 | _aLinguistics | |
| 942 | _cEK | ||
| 999 |
_c16265 _d16265 |
||